书目信息 |
| 题名: |
现代水产养殖学的技术创新研究
|
|
| 作者: | 孙翰昌 编著 | |
| 分册: | ||
| 出版信息: | 长春 东北师范大学出版社 2017.08 |
|
| 页数: | 200页 | |
| 开本: | 26cm | |
| 丛书名: | ||
| 单 册: | ||
| 中图分类: | S96 | |
| 科图分类: | ||
| 主题词: | 水产养殖--技术革新--研究 | |
| 电子资源: | ||
| ISBN: | 978-7-5681-3608-2 | |
| 000 | 00826nam0 2200217 450 | |
| 001 | 5390 | |
| 005 | 20181015164426.71 | |
| 010 | @a978-7-5681-3608-2@dCNY46.00 | |
| 100 | @a20180217d2017 em y0chiy50 ea | |
| 101 | 0 | @achi |
| 102 | @aCN@b220000 | |
| 105 | @aa z 000yy | |
| 200 | 1 | @a现代水产养殖学的技术创新研究@9xian dai shui chan yang zhi xue de ji shu chuang xin yan jiu@f孙翰昌编著 |
| 210 | @a长春@c东北师范大学出版社@d2017.08 | |
| 215 | @a200页@c图,照片@d26cm | |
| 330 | @a本书重点阐述了我国现代水产养殖技术的创新与实践,从我国现代水产业发展的新视角,介绍了我国现代水产养殖业的现状,并重点分析了我国现代水产养殖业产业的发展趋势和面临的挑战。 | |
| 606 | 0 | @a水产养殖@x技术革新@x研究 |
| 690 | @aS96@v5 | |
| 701 | 0 | @a孙翰昌@9sun han chang@f(1978-)@4编著 |
| 801 | 0 | @aCN@b91MARC@c20180217 |
| 905 | @aMuseLib@dS96@e57 | |
| 现代水产养殖学的技术创新研究/孙翰昌编著.-长春:东北师范大学出版社,2017.08 |
| 200页:图,照片;26cm |
| ISBN 978-7-5681-3608-2:CNY46.00 |
| 本书重点阐述了我国现代水产养殖技术的创新与实践,从我国现代水产业发展的新视角,介绍了我国现代水产养殖业的现状,并重点分析了我国现代水产养殖业产业的发展趋势和面临的挑战。 |
| ● |
| 相关链接 |
|
|
|
|
正题名:现代水产养殖学的技术创新研究
索取号:S96/57
 
预约/预借
| 序号 | 登录号 | 条形码 | 馆藏地/架位号 | 状态 | 备注 |
| 1 | 1129475 | 211294758 | 第二样本阅览室/ [索取号:S96/57] | 在馆 | |
| 2 | 1129476 | 211294767 | 密集书库-生命科学系/ [索取号:S96/57] | 在馆 | |
| 3 | 1129477 | 211294776 | 第三借阅区/ [索取号:S96/57] | 在馆 | |
| 4 | 1129478 | 211294785 | 第三借阅区/ [索取号:S96/57] | 在馆 | |
| 5 | 1129479 | 211294794 | 第三借阅区/ [索取号:S96/57] | 在馆 |